| 000 | 00570 a2200157 4500 | ||
|---|---|---|---|
| 082 | _a509 | ||
| 090 |
_c3621 _d3621 |
||
| 100 | _aKhan, Hameed Ahmed. | ||
| 245 |
_aScientific and Technological Research for Development _cHameed Ahmed Khan _hBook |
||
| 260 |
_aIslamabad: , _bCOMSATS Institute of Information Technology _c2005. |
||
| 300 |
_a iv, 124 p. _b: ill. _c; 25 cm. |
||
| 500 | _aIncludes Index | ||
| 650 | _a1.Research.2.Engineering--Research. 3.Scientific and state. | ||
| 700 | _aIslamabad: COMSATS Institute of Information Technology, 2005 | ||
| 942 |
_cBK _k509 KHA |
||
| 999 |
_c7526 _d7526 |
||